| 000 | 00373nam a2200145Ia 4500 | ||
|---|---|---|---|
| 008 | 230312s9999||||xx |||||||||||||| ||und|| | ||
| 020 | _a9780071598927 | ||
| 082 |
_a005.432 _bJAN-U |
||
| 100 | _aDas,Sumitabha | ||
| 245 | 0 | _aYour UNIX : the ultimate guide | |
| 260 |
_bMcgraw Hill _aNew York _c2009 |
||
| 300 | _a570 | ||
| 650 |
_aComputer _vOperating Systems |
||
| 942 | _cBK | ||
| 999 |
_c16440 _d16440 |
||